Sports Quiz

Random Sports or NHL Quiz
Score 0/50 Timer 10:00
0 Plays Today
Season Answer % Correct
2015-16Jack Eichel
100%
2016-17Jack Eichel
100%
2017-18Jack Eichel
100%
2017-18Jack Eichel
100%
2017-18Jack Eichel
100%
2018-19Jack Eichel
100%
2018-19Jack Eichel
100%
2018-19Jeff Skinner
91.9%
2018-19Jeff Skinner
91.9%
2012-13*Thomas Vanek
88.2%
2009-10Thomas Vanek
87.1%
2010-11Thomas Vanek
87.1%
2010-11Thomas Vanek
87.1%
2010-11Thomas Vanek
87.1%
2012-13*Thomas Vanek
87.1%
2012-13*Thomas Vanek
87.1%
2011-12Jason Pominville
85.5%
2011-12Jason Pominville
85.5%
2011-12Jason Pominville
85.5%
2016-17Rasmus Ristolainen
79.6%
2016-17William Carrier
70.4%
2009-10Derek Roy
65.6%
2015-16Ryan O'Reilly
64%
2015-16Ryan O'Reilly
64%
2011-12Tyler Ennis
60.8%
Season Answer % Correct
2013-14Tyler Ennis
60.8%
2014-15Tyler Ennis
60.8%
2014-15Tyler Ennis
60.8%
2015-16Evander Kane
55.4%
2016-17Evander Kane
55.4%
2016-17Evander Kane
55.4%
2014-15Matt Moulson
53.8%
2013-14Matt Ellis
47.8%
2012-13*Brian Flynn
41.9%
2013-14Cody Hodgson
41.9%
2018-19Zach Bogosian
39.8%
2015-16Jake McCabe
36%
2009-10Tim Connolly
33.3%
2013-14John Scott
30.6%
2011-12Patrick Kaleta
29%
2012-13*Steve Ott
29%
2009-10Jochen Hecht
28.5%
2013-14Christian Ehrhoff
26.3%
2009-10Craig Rivet
24.2%
2014-15Brian Flynn
19.4%
2014-15Nicolas Deslauriers
14.5%
2010-11Cody McCormick
12.9%
2010-11Steve Montador
10.2%
2017-18Benoit Pouliot
8.1%
2017-18Jordan Nolan
7%
Remove Ads.
Support Sporcle.
Get the best of Sporcle when you Go Orange. This ad-free experience offers more features, more stats, and more fun while also helping to support Sporcle. Thank you for becoming a member.

You're not logged in!

Compare scores with friends on all Sporcle quizzes.
OR
Log In

Show Comments

Extras

Created Sep 24, 2019ReportNominate
Tags:Hockey Quiz, NHL Quiz

Top Quizzes Today


Score Distribution

Your Account Isn't Verified!

In order to create a playlist on Sporcle, you need to verify the email address you used during registration. Go to your Sporcle Settings to finish the process.

Report this User

Report this user for behavior that violates our Community Guidelines.

Details: